Capitali dei paesi della Coppa del Mondo 2026 - Statistics

Statistiche generali
  • Questo quiz è stato fatto 56 volte
  • Il punteggio medio è 34 su 42
Statistiche sulle risposte
Paese Capitale % Corretto
Argentina Buenos Aires
100%
Algeria Algeri
98%
Brasile Brasília
98%
Belgio Bruxelles
98%
Australia Canberra
98%
Egitto Il Cairo
98%
Canada Ottawa
98%
Austria Vienna
98%
Germania Berlino
95%
Francia Parigi
95%
Corea del Sud Seul
95%
Giappone Tokyo
95%
Paesi Bassi Amsterdam
93%
Svizzera Berna
93%
Messico Città del Messico
93%
Portogallo Lisbona
93%
Spagna Madrid
93%
Tunisia Tunisi
93%
Stati Uniti Washington
93%
Croazia Zagabria
93%
Colombia Bogotà
91%
Inghilterra Londra
91%
Norvegia Oslo
91%
Uruguay Montevideo
88%
Arabia Saudita Riyād
88%
Panama Panama
86%
Sudafrica Pretoria | Città del Capo | Bloemfontein
84%
Qatar Doha
81%
Ecuador Quito
79%
Marocco Rabat
79%
Iran Teheran
77%
Paraguay Asunción
74%
Nuova Zelanda Wellington
74%
Senegal Dakar
70%
Ghana Accra
65%
Giordania Amman
56%
Haiti Port-au-Prince
51%
Uzbekistan Tashkent
47%
Capo Verde Praia
44%
Costa d'Avorio Yamoussoukro
42%
Scozia Edinburgh
21%
Curaçao Willemstad
19%
Nessun quiz corrispondente trovato
Distribuzione punteggi
Percentuale di utenti per punteggio
Percentile per numero di risposta
I tuoi punteggi nel tempo
Non hai fatto questo quiz